| 000 | 00561pam a2200217 a 4500 | ||
|---|---|---|---|
| 001 | 517657 | ||
| 005 | 20180131080003.0 | ||
| 008 | 861105s1987 maua b 001 0 eng | ||
| 010 | _a 86027838 | ||
| 020 | _a0898381940 | ||
| 040 |
_aDLC _cDLC _dDLC |
||
| 041 | _aeng | ||
| 080 | _a004.35 joh | ||
| 082 | 0 | 0 |
_a004.35 joh _219 |
| 100 | 1 | _a30 | |
| 101 | _ashk | ||
| 245 | 1 | 0 |
_aParallel execution of logic programs / _cby John S. Conery. |
| 504 | _aBibliography: p. [133]-141. | ||
| 906 |
_a7 _bcbc _corignew _d1 _eocip _f19 _gy-gencatlg |
||
| 942 |
_2ddc _cBK |
||
| 999 |
_c41394 _d41394 |
||